000 00256nam a2200109Ia 4500
008 230907s9999||||xx |||||||||||||| ||und||
082 _a153.83
_bGIG
245 0 _aRisk savvy :
260 _aPenguin Books,
_bCanada :
_c2015
300 _a322 p.
942 _cBK
999 _c601116
_d601116